[Event "Nova Scotia Closed "]
[Site "Halifax CAN"]
[Date "2019.07.07"]
[Round "4.1"]
[White "Charlton, Glenn"]
[Black "Gonzalez-Cueto, Jose"]
[Result "0-1"]
[WhiteElo "2052"]
[BlackElo "2085"]
[PlyCount "82"]
[EventDate "2019.07.05"]
[EventType "tourn"]
[EventRounds "5"]
[EventCountry "CAN"]
[TimeControl "30/90+45:0"]

1. d4 {[%emt 1:22:51]} Nf6 {[%emt 0:03:24]} 2. Bf4 {[%emt 0:00:13]} g6 {
[%emt 0:02:14]} 3. e3 {[%emt 0:00:09]} Bg7 {[%emt 0:00:25]} 4. Nf3 {
[%emt 0:00:16]} b6 {[%emt 0:01:18]} 5. Be2 {[%emt 0:00:31]} Bb7 {[%emt 0:00:17]
} 6. O-O {[%emt 0:00:24]} O-O {[%emt 0:00:10]} 7. h3 {[%emt 0:00:33]} d6 {
[%emt 0:00:42]} 8. c4 {[%emt 0:00:28]} Nbd7 {[%emt 0:01:12]} 9. Nc3 {
[%emt 0:00:18]} Re8 {[%emt 0:00:00]} 10. Qc2 {[%emt 0:03:15]} e5 {
[%emt 0:00:50]} 11. Bh2 {[%emt 0:00:08]} e4 {[%emt 0:07:50]} 12. Nd2 {
[%emt 0:00:20]} Qe7 {[%emt 0:00:34]} 13. b4 {[%emt 0:00:00]} c6 {[%emt 0:09:15]
} 14. c5 {[%emt 0:21:52]} dxc5 {[%emt 0:08:37]} 15. bxc5 {[%emt 0:00:18]} bxc5
{[%emt 0:00:34]} 16. Rab1 {[%emt 0:00:23]} Bc8 {[%emt 0:01:38]} 17. Nb3 {
[%emt 0:18:39]} cxd4 {[%emt 0:11:18]} 18. Nxd4 {[%emt 0:00:10]} Nd5 {
[%emt 0:05:10]} 19. Na4 {[%emt 0:24:53]} N7b6 {[%emt 0:23:13]} 20. Nxc6 {
[%emt 0:02:51]} Qg5 {[%emt 0:01:07]} 21. Kh1 {[%emt 0:05:34]} Bd7 {
[%emt 0:05:13]} 22. Nxb6 {[%emt 0:03:49]} axb6 {[%emt 0:00:47]} 23. Nd4 {
[%emt 0:03:35]} Rec8 {[%emt 0:05:19]} 24. Qd2 {[%emt 0:03:49]} Nc3 {
[%emt 0:03:35]} 25. Rb2 {[%emt 0:00:44]} Nxe2 {[%emt 0:01:21]} 26. Qxe2 {
[%emt 0:00:09]} Ra5 {[%emt 0:03:55]} 27. Rxb6 {[%emt 0:02:28]} Bxd4 {
[%emt 0:01:09]} 28. exd4 {[%emt 0:00:11]} Bb5 {[%emt 0:00:25]} 29. Rxb5 {
[%emt 0:01:35]} Qxb5 {[%emt 0:00:00]} 30. Qxb5 {[%emt 0:00:45]} Rxb5 {
[%emt 0:00:05]} 31. Bd6 {[%emt 0:10:42]} Rc2 {[%emt 0:01:51]} 32. a4 {
[%emt 0:00:15]} Rbb2 {[%emt 0:05:50]} 33. Kg1 {[%emt 0:00:48]} f5 {
[%emt 0:05:38]} 34. Bf4 {[%emt 0:00:12]} Ra2 {[%emt 0:01:00]} 35. g3 {
[%emt 0:01:26]} Rxa4 {[%emt 0:00:46]} 36. Be3 {[%emt 0:00:19]} Rca2 {
[%emt 0:02:02]} 37. h4 {[%emt 0:00:48]} Ra1 {[%emt 0:02:36]} 38. Rxa1 {
[%emt 0:00:10]} Rxa1+ {[%emt 0:00:06]} 39. Kg2 {[%emt 0:00:10]} Kf7 {
[%emt 0:00:00]} 40. Kh2 {[%emt 0:00:51]} Ke6 {[%emt 0:00:24]} 41. Kg2 {
[%emt 0:00:07]} Kd5 {[%emt 0:00:30]} 0-1

[Event "Nova Scotia Closed "]
[Site "Halifax CAN"]
[Date "2019.07.07"]
[Round "4.2"]
[White "Felix, Chris"]
[Black "Mayo, Alvah"]
[Result "1/2-1/2"]
[WhiteElo "2031"]
[BlackElo "2163"]
[PlyCount "132"]
[EventDate "2019.07.05"]
[EventType "tourn"]
[EventRounds "5"]
[EventCountry "CAN"]
[TimeControl "30/90+45:0"]

1. e4 {[%emt 0:00:02]} g6 {[%emt 0:04:14]} 2. d4 {[%emt 0:00:37]} Bg7 {
[%emt 0:00:00]} 3. Nc3 {[%emt 0:00:19]} c5 {[%emt 0:00:03]} 4. dxc5 {
[%emt 0:01:29]} Bxc3+ {[%emt 0:00:08]} 5. bxc3 {[%emt 0:00:05]} Nf6 {
[%emt 0:00:15]} 6. Bd3 {[%emt 0:08:44]} Qa5 {[%emt 0:00:32]} 7. Ne2 {
[%emt 0:00:33]} Nc6 {[%emt 0:00:00]} 8. Bh6 {[%emt 0:07:29]} Ng4 {
[%emt 0:05:53]} 9. Bf4 {[%emt 0:08:24]} Qxc5 {[%emt 0:01:08]} 10. Bg3 {
[%emt 0:00:14]} d6 {[%emt 0:01:08]} 11. Qd2 {[%emt 0:00:00]} Bd7 {
[%emt 0:07:09]} 12. f3 {[%emt 0:03:35]} Nf6 {[%emt 0:01:05]} 13. Bf2 {
[%emt 0:00:19]} Qa5 {[%emt 0:00:22]} 14. Bc4 {[%emt 0:05:55]} Rc8 {
[%emt 0:01:37]} 15. Bb3 {[%emt 0:01:30]} b6 {[%emt 0:01:18]} 16. h4 {
[%emt 0:04:33]} Ne5 {[%emt 0:01:43]} 17. Bd4 {[%emt 0:02:47]} Bb5 {
[%emt 0:07:01]} 18. Nf4 {[%emt 0:08:11]} Ned7 {[%emt 0:05:07]} 19. Nd5 {
[%emt 0:05:06]} e5 {[%emt 0:02:00]} 20. c4 {[%emt 0:02:52]} Qxd2+ {
[%emt 0:00:36]} 21. Kxd2 {[%emt 0:00:05]} Nxd5 {[%emt 0:00:26]} 22. cxb5 {
[%emt 0:00:39]} Nc7 {[%emt 0:03:53]} 23. Be3 {[%emt 0:02:23]} Nxb5 {
[%emt 0:00:28]} 24. a4 {[%emt 0:04:05]} Nc7 {[%emt 0:02:00]} 25. a5 {
[%emt 0:01:59]} Nc5 {[%emt 0:00:57]} 26. axb6 {[%emt 0:01:44]} axb6 {
[%emt 0:00:38]} 27. Rhb1 {[%emt 0:03:29]} O-O {[%emt 0:07:36]} 28. Bc4 {
[%emt 0:03:11]} Rb8 {[%emt 0:02:10]} 29. Ra7 {[%emt 0:05:38]} Rfc8 {
[%emt 0:00:00]} 30. h5 {[%emt 0:07:59]} gxh5 {[%emt 0:05:12]} 31. Rh1 {
[%emt 0:02:06]} N7e6 {[%emt 0:00:14]} 32. Rxh5 {[%emt 0:01:12]} Nxe4+ {
[%emt 0:00:56]} 33. Kd3 {[%emt 0:04:26]} N6c5+ {[%emt 0:17:16]} 34. Bxc5 {
[%emt 0:00:09]} Nxc5+ {[%emt 0:00:14]} 35. Ke3 {[%emt 0:00:35]} Rb7 {
[%emt 0:00:24]} 36. Rxb7 {[%emt 0:00:00]} Nxb7 {[%emt 0:00:03]} 37. Bxf7+ {
[%emt 0:00:08]} Kxf7 {[%emt 0:05:16]} 38. Rxh7+ {[%emt 0:00:06]} Ke6 {
[%emt 0:00:10]} 39. Rxb7 {[%emt 0:00:13]} Rc7 {[%emt 0:00:06]} 40. c4 Rxc4 {
[%emt 0:00:00]} 41. Rxb6 {[%emt 0:01:54]} Rc2 {[%emt 0:00:00]} 42. Ra6 {
[%emt 0:00:00]} Rxg2 {[%emt 0:00:00]} 43. Kd3 {[%emt 0:02:09]} Rb2 {
[%emt 0:01:11]} 44. Ke3 {[%emt 0:01:48]} Kd5 {[%emt 0:00:51]} 45. Ra4 {
[%emt 0:02:38]} Kc5 {[%emt 0:00:14]} 46. f4 {[%emt 0:04:59]} Rb3+ {
[%emt 0:00:13]} 47. Kd2 {[%emt 0:00:18]} exf4 {[%emt 0:08:27]} 48. Rxf4 {
[%emt 0:00:09]} d5 {[%emt 0:00:12]} 49. Rh4 {[%emt 0:00:59]} d4 {[%emt 0:00:11]
} 50. Rh8 {[%emt 0:01:28]} Rb5 {[%emt 0:00:56]} 51. Rh5+ {[%emt 0:00:24]} Kc4 {
[%emt 0:00:04]} 52. Rxb5 {[%emt 0:00:14]} Kxb5 {[%emt 0:00:03]} 53. Kd3 {
[%emt 0:00:00]} Kc5 {[%emt 0:00:09]} 54. Kd2 {[%emt 0:00:06]} Kd6 {
[%emt 0:03:33]} 55. Kd3 {[%emt 0:00:09]} Kd5 {[%emt 0:01:31]} 56. Kd2 {
[%emt 0:00:07]} Ke4 {[%emt 0:00:00]} 57. Ke2 {[%emt 0:00:05]} d3+ {
[%emt 0:00:36]} 58. Kd2 {[%emt 0:00:05]} Kd4 {[%emt 0:00:05]} 59. Kd1 {
[%emt 0:00:05]} Ke5 {[%emt 0:01:03]} 60. Kd2 {[%emt 0:00:09]} Ke4 {
[%emt 0:00:08]} 61. Kd1 {[%emt 0:00:06]} Ke3 {[%emt 0:00:34]} 62. Ke1 {
[%emt 0:00:06]} Kf4 {[%emt 0:00:59]} 63. Kd2 {[%emt 0:00:08]} Ke4 {
[%emt 0:00:12]} 64. Kd1 {[%emt 0:00:04]} Ke3 {[%emt 0:00:22]} 65. Ke1 {
[%emt 0:00:00]} d2+ {[%emt 0:00:06]} 66. Kd1 {[%emt 0:00:04]} Kd3 {
[%emt 0:00:04]} 1/2-1/2

[Event "Nova Scotia Closed "]
[Site "Halifax CAN"]
[Date "2019.07.07"]
[Round "4.3"]
[White "Younis, Tallal"]
[Black "Langen, Roger"]
[Result "1-0"]
[WhiteElo "2154"]
[BlackElo "2125"]
[PlyCount "101"]
[EventDate "2019.07.05"]
[EventType "tourn"]
[EventRounds "5"]
[EventCountry "CAN"]
[TimeControl "30/90+45:0"]

1. e4 {[%emt 0:00:06]} Nf6 {[%emt 0:00:22]} 2. e5 {[%emt 0:00:08]} Nd5 {
[%emt 0:00:05]} 3. c4 {[%emt 0:00:10]} Nb6 {[%emt 0:00:04]} 4. d4 {
[%emt 0:00:11]} d6 {[%emt 0:00:05]} 5. exd6 {[%emt 0:01:33]} cxd6 {
[%emt 0:01:09]} 6. Nc3 {[%emt 0:00:16]} g6 {[%emt 0:01:09]} 7. Be3 {
[%emt 0:00:21]} Bg7 {[%emt 0:00:38]} 8. Rc1 {[%emt 0:00:07]} Nc6 {
[%emt 0:00:56]} 9. b3 {[%emt 0:01:52]} Bf5 {[%emt 0:00:00]} 10. Nf3 {
[%emt 0:06:34]} O-O {[%emt 0:03:33]} 11. Be2 {[%emt 0:00:49]} Re8 {
[%emt 0:05:19]} 12. h3 {[%emt 0:03:48]} a5 {[%emt 0:03:34]} 13. Qd2 {
[%emt 0:04:58]} e5 {[%emt 0:12:40]} 14. d5 {[%emt 0:01:36]} Nb4 {[%emt 0:04:20]
} 15. O-O {[%emt 0:02:52]} Bd7 {[%emt 0:10:24]} 16. Ne4 {[%emt 0:20:14]} Nc8 {
[%emt 0:09:33]} 17. a3 {[%emt 0:20:23]} Na6 {[%emt 0:03:00]} 18. c5 {
[%emt 0:00:00]} Nxc5 {[%emt 0:05:54]} 19. Nxc5 {[%emt 0:04:54]} dxc5 {
[%emt 0:00:10]} 20. Bxc5 {[%emt 0:00:10]} b6 {[%emt 0:01:00]} 21. Be3 {
[%emt 0:00:13]} Nd6 {[%emt 0:00:36]} 22. Rc2 {[%emt 0:01:57]} Bf5 {
[%emt 0:03:11]} 23. Rc6 {[%emt 0:00:00]} Ne4 {[%emt 0:03:19]} 24. Qd1 {
[%emt 0:00:36]} Rb8 {[%emt 0:03:03]} 25. a4 {[%emt 0:02:18]} Bd7 {
[%emt 0:02:46]} 26. Rc1 {[%emt 0:05:09]} Bf8 {[%emt 0:00:00]} 27. Nd2 {
[%emt 0:00:27]} Nxd2 {[%emt 0:02:38]} 28. Qxd2 {[%emt 0:00:38]} Bb4 {
[%emt 0:03:45]} 29. Qa2 {[%emt 0:05:27]} Qe7 {[%emt 0:06:36]} 30. Rfd1 {
[%emt 0:01:10]} Qd6 {[%emt 0:02:25]} 31. Bc4 {[%emt 0:03:14]} f5 {
[%emt 0:08:00]} 32. Bd2 {[%emt 0:05:57]} Ba3 {[%emt 0:09:39]} 33. Ra1 {
[%emt 0:00:32]} Bc5 {[%emt 0:00:08]} 34. Bc3 {[%emt 0:00:10]} Re7 {
[%emt 0:03:00]} 35. Qd2 {[%emt 0:00:47]} f4 {[%emt 0:02:04]} 36. Re1 {
[%emt 0:00:51]} Rf8 {[%emt 0:03:30]} 37. Bd3 {[%emt 0:01:37]} Bf5 {
[%emt 0:05:14]} 38. Be4 {[%emt 0:00:48]} h5 {[%emt 0:00:00]} 39. Rad1 {
[%emt 0:00:49]} Bxe4 {[%emt 0:06:29]} 40. Rxe4 {[%emt 0:00:00]} Rf5 {
[%emt 0:04:05]} 41. Qd3 {[%emt 0:01:41]} f3 {[%emt 0:02:55]} 42. g3 {
[%emt 0:23:51]} Rg5 {[%emt 0:00:27]} 43. Kf1 {[%emt 0:00:13]} Rf7 {
[%emt 0:01:00]} 44. Qb5 {[%emt 0:02:05]} Rd7 {[%emt 0:04:18]} 45. g4 {
[%emt 0:07:51]} hxg4 {[%emt 0:00:11]} 46. hxg4 {[%emt 0:00:07]} Bb4 {
[%emt 0:02:03]} 47. Bxb4 {[%emt 0:00:28]} axb4 {[%emt 0:00:07]} 48. Qd3 {
[%emt 0:00:50]} Rh7 {[%emt 0:01:00]} 49. Qxf3 {[%emt 0:00:14]} Rh4 {
[%emt 0:00:45]} 50. Rc4 {[%emt 0:00:39]} Qd7 {[%emt 0:00:26]} 51. d6 {
[%emt 0:01:30]} 1-0

[Event "Nova Scotia Closed "]
[Site "Halifax CAN"]
[Date "2019.07.07"]
[Round "5.1"]
[White "Gonzalez-Cueto, Jose"]
[Black "Felix, Chris"]
[Result "1/2-1/2"]
[WhiteElo "2085"]
[BlackElo "2031"]
[PlyCount "62"]
[EventDate "2019.07.05"]
[EventType "tourn"]
[EventRounds "5"]
[EventCountry "CAN"]
[TimeControl "30/90+45:0"]

1. d4 {[%emt 0:00:07]} Nf6 {[%emt 0:00:06]} 2. Nf3 {[%emt 0:00:11]} g6 {
[%emt 0:00:39]} 3. g3 {[%emt 0:00:47]} Bg7 {[%emt 0:00:25]} 4. Bg2 {
[%emt 0:00:11]} d6 {[%emt 0:00:13]} 5. O-O {[%emt 0:01:09]} O-O {[%emt 0:00:10]
} 6. c4 {[%emt 0:00:28]} Nc6 {[%emt 0:01:13]} 7. Nc3 {[%emt 0:01:21]} a6 {
[%emt 0:00:50]} 8. e4 {[%emt 0:12:48]} Bg4 {[%emt 0:02:30]} 9. Be3 {
[%emt 0:02:03]} Nd7 {[%emt 0:00:00]} 10. Qd2 {[%emt 0:05:32]} e5 {
[%emt 0:02:46]} 11. d5 {[%emt 0:03:50]} Bxf3 {[%emt 0:00:30]} 12. Bxf3 {
[%emt 0:00:35]} Nd4 {[%emt 0:00:08]} 13. Bg2 {[%emt 0:01:32]} Rb8 {
[%emt 0:04:03]} 14. f4 {[%emt 0:05:35]} b5 {[%emt 0:04:13]} 15. fxe5 {
[%emt 0:01:52]} dxe5 {[%emt 0:00:24]} 16. Ne2 {[%emt 0:07:45]} c5 {
[%emt 0:09:30]} 17. dxc6 {[%emt 0:06:45]} Nxc6 {[%emt 0:00:30]} 18. Rad1 {
[%emt 0:06:12]} Nf6 {[%emt 0:05:11]} 19. Qd6 {[%emt 0:08:05]} Nd4 {
[%emt 0:04:00]} 20. Qxd8 {[%emt 0:01:51]} Nxe2+ {[%emt 0:01:01]} 21. Kf2 {
[%emt 0:00:11]} Rfxd8 {[%emt 0:01:05]} 22. Rxd8+ {[%emt 0:02:12]} Rxd8 {
[%emt 0:00:06]} 23. Kxe2 {[%emt 0:00:09]} bxc4 {[%emt 0:01:30]} 24. Bd2 {
[%emt 0:01:42]} Nd7 {[%emt 0:04:05]} 25. Rc1 {[%emt 0:01:23]} Nb6 {
[%emt 0:02:29]} 26. Rc2 {[%emt 0:00:00]} Bf8 {[%emt 0:05:49]} 27. Bc3 {
[%emt 0:01:59]} f6 {[%emt 0:00:44]} 28. Bh3 {[%emt 0:01:01]} Kf7 {
[%emt 0:00:26]} 29. Rd2 {[%emt 0:03:53]} Rxd2+ {[%emt 0:00:38]} 30. Kxd2 {
[%emt 0:00:23]} Na4 {[%emt 0:02:00]} 31. Bf1 {[%emt 0:00:47]} Nxc3 {
[%emt 0:00:52]} 1/2-1/2

[Event "Nova Scotia Closed "]
[Site "Halifax CAN"]
[Date "2019.07.07"]
[Round "5.2"]
[White "Younis, Tallal"]
[Black "Charlton, Glenn"]
[Result "1/2-1/2"]
[WhiteElo "2154"]
[BlackElo "2052"]
[PlyCount "62"]
[EventDate "2019.07.05"]
[EventType "tourn"]
[EventRounds "5"]
[EventCountry "CAN"]
[TimeControl "30/90+45:0"]

1. e4 {[%emt 0:00:01]} c5 {[%emt 0:00:09]} 2. Nf3 {[%emt 0:00:08]} g6 {
[%emt 0:00:00]} 3. d4 {[%emt 0:00:05]} cxd4 {[%emt 0:00:16]} 4. Nxd4 {
[%emt 0:00:06]} Nc6 {[%emt 0:00:21]} 5. c4 {[%emt 0:00:09]} Nf6 {[%emt 0:00:36]
} 6. Nc3 {[%emt 0:00:14]} d6 {[%emt 0:00:11]} 7. Be2 {[%emt 0:11:22]} Nxd4 {
[%emt 0:00:33]} 8. Qxd4 {[%emt 0:00:16]} Bg7 {[%emt 0:00:09]} 9. Bg5 {
[%emt 0:06:17]} O-O {[%emt 0:00:19]} 10. Qd2 {[%emt 0:00:46]} a5 {
[%emt 0:04:22]} 11. O-O {[%emt 0:01:42]} a4 {[%emt 0:00:41]} 12. Rab1 {
[%emt 0:02:27]} Qa5 {[%emt 0:02:12]} 13. Rfc1 {[%emt 0:00:34]} Be6 {
[%emt 0:02:59]} 14. f3 {[%emt 0:03:18]} Rfc8 {[%emt 0:00:00]} 15. Nd5 {
[%emt 0:32:01]} Qxd2 {[%emt 0:00:41]} 16. Nxf6+ {[%emt 0:01:10]} Bxf6 {
[%emt 0:01:08]} 17. Bxd2 {[%emt 0:00:14]} b5 {[%emt 0:35:29]} 18. cxb5 {
[%emt 0:26:33]} Rxc1+ {[%emt 0:02:17]} 19. Rxc1 {[%emt 0:01:41]} Bxb2 {
[%emt 0:00:00]} 20. Rc2 {[%emt 0:01:16]} a3 {[%emt 0:00:29]} 21. Bc3 {
[%emt 0:02:16]} Bxc3 {[%emt 0:10:00]} 22. Rxc3 {[%emt 0:00:17]} Bxa2 {
[%emt 0:00:09]} 23. b6 {[%emt 0:00:33]} Bd5 {[%emt 0:00:43]} 24. Rc1 {
[%emt 0:07:48]} a2 {[%emt 0:04:00]} 25. Ra1 {[%emt 0:00:02]} Bc6 {
[%emt 0:10:37]} 26. Bc4 {[%emt 0:00:24]} Rb8 {[%emt 0:00:12]} 27. Rxa2 {
[%emt 0:00:20]} Rxb6 {[%emt 0:00:10]} 28. Kf2 {[%emt 0:00:21]} Kg7 {
[%emt 0:02:34]} 29. Rd2 {[%emt 0:00:14]} Rb4 {[%emt 0:02:00]} 30. Ba2 {
[%emt 0:00:33]} Bb5 {[%emt 0:00:57]} 31. Ke3 {[%emt 0:01:08]} Kf6 {
[%emt 0:00:46]} 1/2-1/2

[Event "Nova Scotia Closed "]
[Site "Halifax CAN"]
[Date "2019.07.07"]
[Round "5.3"]
[White "Langen, Roger"]
[Black "Mayo, Alvah"]
[Result "1/2-1/2"]
[WhiteElo "2125"]
[BlackElo "2163"]
[PlyCount "51"]
[EventDate "2019.07.05"]
[EventType "tourn"]
[EventRounds "5"]
[EventCountry "CAN"]
[TimeControl "30/90+45:0"]

1. e4 {[%emt 0:00:08]} g6 {[%emt 0:02:53]} 2. Bc4 {[%emt 0:00:37]} Nc6 {
[%emt 0:03:42]} 3. d4 {[%emt 0:04:19]} d6 {[%emt 0:01:07]} 4. Nf3 {
[%emt 0:02:44]} Bg7 {[%emt 0:00:33]} 5. h3 {[%emt 0:01:27]} Nf6 {[%emt 0:01:21]
} 6. Qe2 {[%emt 0:01:44]} O-O {[%emt 0:01:04]} 7. e5 {[%emt 0:05:26]} dxe5 {
[%emt 0:00:32]} 8. dxe5 {[%emt 0:00:21]} Nd5 {[%emt 0:00:23]} 9. O-O {
[%emt 0:07:00]} Nb6 {[%emt 0:00:46]} 10. Bb3 {[%emt 0:12:54]} Nd4 {
[%emt 0:05:49]} 11. Nxd4 {[%emt 0:00:00]} Qxd4 {[%emt 0:00:04]} 12. Re1 {
[%emt 0:00:12]} Bd7 {[%emt 0:11:33]} 13. Nc3 {[%emt 0:10:05]} Bc6 {
[%emt 0:01:27]} 14. e6 {[%emt 0:06:45]} f5 {[%emt 0:00:00]} 15. Be3 {
[%emt 0:09:37]} Qh4 {[%emt 0:00:24]} 16. Bc5 {[%emt 0:07:15]} h5 {
[%emt 0:26:02]} 17. Rad1 {[%emt 0:01:09]} Kh7 {[%emt 0:10:12]} 18. f3 {
[%emt 0:01:41]} Bf6 {[%emt 0:01:27]} 19. a3 {[%emt 0:05:04]} Rg8 {
[%emt 0:01:00]} 20. Rd3 {[%emt 0:04:14]} Rad8 {[%emt 0:03:24]} 21. Red1 {
[%emt 0:02:02]} Rd6 {[%emt 0:00:34]} 22. Bf2 {[%emt 0:04:45]} Qf4 {
[%emt 0:00:44]} 23. Be3 {[%emt 0:04:09]} Qg3 {[%emt 0:02:03]} 24. Bf2 {
[%emt 0:00:40]} Qf4 {[%emt 0:00:00]} 25. Be3 {[%emt 0:02:02]} Qg3 {
[%emt 0:01:20]} 26. Bf2 {[%emt 0:01:32]} 1/2-1/2

[Event "Oakville Winter op"]
[Site "Oakville CAN"]
[Date "2019.01.25"]
[Round "1.1"]
[White "Chen, Max"]
[Black "Sambuev, Bator"]
[Result "0-1"]
[WhiteElo "2224"]
[BlackElo "2539"]
[PlyCount "158"]
[EventDate "2019.01.25"]
[EventType "swiss"]
[EventRounds "5"]
[EventCountry "CAN"]

1. e4 e6 2. d4 d5 3. Nd2 c5 4. exd5 exd5 5. Bb5+ Bd7 6. Bxd7+ Nxd7 7. Ngf3 Ngf6
8. O-O Be7 9. dxc5 Nxc5 10. Nb3 Nce4 11. Nbd4 Qc8 12. Re1 O-O 13. c3 Re8 14.
Bf4 a6 15. Qd3 Bc5 16. Rad1 b5 17. a3 Ra7 18. h3 Rae7 19. Re2 Bb6 20. Rde1 Nc5
21. Qc2 Rxe2 22. Rxe2 Nfe4 23. Nd2 h6 24. Nf1 Ne6 25. Nxe6 fxe6 26. Be3 Bxe3
27. Rxe3 Rf8 28. Re2 Qc5 29. Nh2 Rf6 30. Nf3 Qc7 31. Nd2 Ng5 32. Qd3 Qf4 33.
Qe3 Qf5 34. Nb3 Qg6 35. Kh2 Nf7 36. f4 Nd6 37. Nc5 Nc4 38. Qf3 Qf7 39. Qg4 h5
40. Qg3 Qe7 41. Nd3 Qc7 42. Qg5 Qf7 43. Ne5 Nxe5 44. Qxe5 Kh7 45. Rf2 Qg6 46.
h4 Rf5 47. Qe3 Qf6 48. Kh3 Qg6 49. g3 Rf6 50. Re2 Kg8 51. Kh2 Qg4 52. Rd2 Rg6
53. Rf2 Kh7 54. Qf3 Qxf3 55. Rxf3 Rf6 56. Re3 Kg8 57. Kg2 Kf7 58. Kf3 Rf5 59.
Re1 Ke7 60. a4 Kd6 61. axb5 axb5 62. g4 hxg4+ 63. Kxg4 Rf6 64. h5 b4 65. cxb4
Rf7 66. Kg5 d4 67. Kg6 Rd7 68. b5 d3 69. Rd1 Kc5 70. Rd2 Kd4 71. b6 Ke3 72. Rd1
d2 73. Rh1 Kxf4 74. Rd1 Ke3 75. Rh1 Ke2 76. Rh2+ Kd3 77. Rh3+ Kc2 78. Rh2 Kc1
79. b7 Rxb7 0-1

[Event "Oakville Winter op"]
[Site "Oakville CAN"]
[Date "2019.01.25"]
[Round "1.2"]
[White "Krnan, Tomas"]
[Black "Kang, Dorian"]
[Result "1-0"]
[WhiteElo "2507"]
[BlackElo "2202"]
[PlyCount "59"]
[EventDate "2019.01.25"]
[EventType "swiss"]
[EventRounds "5"]
[EventCountry "CAN"]

1. e4 c5 2. Nf3 d6 3. Bb5+ Nd7 4. O-O a6 5. Bd3 g6 6. c3 b5 7. Bc2 Bb7 8. d4
Qc7 9. Re1 Bg7 10. Bg5 Rc8 11. Bd3 e5 12. a4 c4 13. Bf1 Ngf6 14. axb5 axb5 15.
Na3 Nxe4 16. dxe5 dxe5 17. Rxe4 Bxe4 18. Nxb5 Qc6 19. Nd6+ Kf8 20. Nxe4 f6 21.
Ra7 Rc7 22. Rxc7 Qxc7 23. Be3 Ke7 24. Nfd2 f5 25. Bg5+ Kf8 26. Bxc4 Nb6 27. Bb3
fxe4 28. Nxe4 Qd7 29. Qf3+ Ke8 30. Nd6+ 1-0

[Event "Oakville Winter op"]
[Site "Oakville CAN"]
[Date "2019.01.25"]
[Round "1.5"]
[White "Xu, Daniel"]
[Black "Li, William"]
[Result "1/2-1/2"]
[WhiteElo "2111"]
[BlackElo "2269"]
[PlyCount "87"]
[EventDate "2019.01.25"]
[EventType "swiss"]
[EventRounds "5"]
[EventCountry "CAN"]

1. d4 Nf6 2. c4 e6 3. Nf3 b6 4. g3 Ba6 5. b3 Bb7 6. Bg2 Bb4+ 7. Bd2 a5 8. O-O
O-O 9. Nc3 Ne4 10. Nxe4 Bxe4 11. a3 Bxd2 12. Nxd2 Bxg2 13. Kxg2 d5 14. e3 c5
15. cxd5 Qxd5+ 16. Qf3 Rd8 17. Qxd5 Rxd5 18. Nf3 a4 19. e4 Rd7 20. dxc5 axb3
21. cxb6 Nc6 22. Rac1 Na5 23. Rc7 Rdd8 24. Rb1 Ra6 25. Ra7 Rxa7 26. bxa7 Ra8
27. Nd2 Rxa7 28. Nxb3 Nxb3 29. Rxb3 Kf8 30. f4 e5 31. fxe5 Ke7 32. Kf3 Ke6 33.
Kf4 h6 34. h4 h5 35. Rb6+ Ke7 36. e6 fxe6 37. Rb5 Rxa3 38. Rxh5 Ra1 39. Rh7 Kf6
40. h5 e5+ 41. Kg4 Ra4 42. h6 gxh6 43. Rxh6+ Kg7 44. Re6 1/2-1/2

[Event "Oakville Winter op"]
[Site "Oakville CAN"]
[Date "2019.01.26"]
[Round "2.1"]
[White "Sambuev, Bator"]
[Black "Krnan, Tomas"]
[Result "1/2-1/2"]
[WhiteElo "2539"]
[BlackElo "2507"]
[PlyCount "119"]
[EventDate "2019.01.25"]
[EventType "swiss"]
[EventRounds "5"]
[EventCountry "CAN"]

1. g3 Nf6 2. Bg2 g6 3. e4 d6 4. d4 Bg7 5. Ne2 O-O 6. O-O e5 7. h3 exd4 8. Nxd4
d5 9. exd5 Nxd5 10. c3 c6 11. Nd2 Re8 12. Kh2 Nd7 13. a4 a5 14. Ne4 N7f6 15.
Nc5 Qb6 16. Ncb3 Bd7 17. c4 Nb4 18. Be3 Qc7 19. Qf3 Nd3 20. Qe2 Ne5 21. Qc2
Rad8 22. Bf4 c5 23. Nb5 Bxb5 24. axb5 b6 25. Rad1 Nh5 26. Be3 f5 27. Rxd8 Rxd8
28. Rd1 Rxd1 29. Qxd1 Nf7 30. f4 Bxb2 31. Qb1 Bc3 32. Nxc5 Bb4 33. Na4 Qxc4 34.
Bf1 Qe6 35. Bf2 g5 36. fxg5 f4 37. g4 Ng3 38. Nxb6 Nxg5 39. Qd1 Nxf1+ 40. Qxf1
Ne4 41. Bd4 Qa2+ 42. Qg2 Qxg2+ 43. Kxg2 Nd6 44. Be5 Nxb5 45. Bxf4 Nc3 46. Be5
Kf7 47. Kf3 Ke6 48. Bg7 Nd5 49. Na4 Nf6 50. Bh6 Kf7 51. Bc1 Nd5 52. Bb2 Kg6 53.
Ke4 Nf6+ 54. Kf4 Nd5+ 55. Ke5 Ne3 56. Bc1 Nxg4+ 57. hxg4 h5 58. gxh5+ Kxh5 59.
Kf5 Kh4 60. Bf4 1/2-1/2

[Event "Oakville Winter op"]
[Site "Oakville CAN"]
[Date "2019.01.26"]
[Round "2.3"]
[White "Li, William"]
[Black "Sapozhnikov, Roman"]
[Result "1-0"]
[WhiteElo "2269"]
[BlackElo "2366"]
[PlyCount "81"]
[EventDate "2019.01.25"]
[EventType "swiss"]
[EventRounds "5"]
[EventCountry "CAN"]

1. e4 c5 2. Nf3 e6 3. d4 cxd4 4. Nxd4 Nc6 5. Nc3 Qc7 6. Be2 a6 7. O-O Nf6 8.
Be3 Ne5 9. f4 Nc4 10. Bxc4 Qxc4 11. Qf3 Ba3 12. e5 Bxb2 13. exf6 Bxc3 14. fxg7
Rg8 15. Rad1 Rxg7 16. f5 d6 17. fxe6 Bxe6 18. Nxe6 Qxe6 19. Bf4 Be5 20. Qxb7
Rc8 21. Bxe5 dxe5 22. Rf6 Qg4 23. Rfd6 Qc4 24. Rd7 Qxc2 25. Kh1 Qc4 26. Qb6 Qc6
27. Rd8+ Ke7 28. Qb4+ Qc5 29. Qb7+ Rc7 30. R8d7+ Rxd7 31. Qxd7+ Kf6 32. Rd6+
Kg5 33. Qe7+ Kh5 34. Rh6+ Kxh6 35. Qxc5 f6 36. Qc6 Kg6 37. Qxa6 Rd7 38. g4 Re7
39. Qd6 Kf7 40. Qd5+ Kg7 41. Kg2 1-0

[Event "Oakville Winter op"]
[Site "Oakville CAN"]
[Date "2019.01.26"]
[Round "2.5"]
[White "Chen, Max"]
[Black "Xu, Daniel"]
[Result "1-0"]
[WhiteElo "2224"]
[BlackElo "2111"]
[PlyCount "85"]
[EventDate "2019.01.25"]
[EventType "swiss"]
[EventRounds "5"]
[EventCountry "CAN"]

1. e4 c5 2. Nf3 d6 3. Bb5+ Bd7 4. Bxd7+ Qxd7 5. O-O Nc6 6. c3 Nf6 7. Qe2 g6 8.
d4 cxd4 9. cxd4 Bg7 10. Rd1 d5 11. e5 Ne4 12. Ne1 h6 13. f3 Ng5 14. Nc3 Ne6 15.
Be3 O-O 16. f4 f5 17. exf6 Rxf6 18. Qg4 h5 19. Qh3 Raf8 20. Nd3 Rf5 21. Ne5
Nxe5 22. dxe5 d4 23. Ne2 Qb5 24. Nxd4 Nxd4 25. Bxd4 Rxf4 26. Qe6+ Kh7 27. Qxe7
R8f7 28. Qe6 R4f5 29. Re1 Qd7 30. Qxd7 Rxd7 31. Re4 a6 32. Rae1 Kg8 33. h3 Re7
34. Bc3 Re6 35. g4 Rf7 36. Kg2 hxg4 37. hxg4 Rfe7 38. Kg3 Rd7 39. Rd4 Rde7 40.
Rd8+ Re8 41. Rxe8+ Rxe8 42. Kf4 Rf8+ 43. Kg5 1-0

[Event "Oakville Winter op"]
[Site "Oakville CAN"]
[Date "2019.01.26"]
[Round "2.6"]
[White "Kang, Dorian"]
[Black "Aniunoh, Chike"]
[Result "1-0"]
[WhiteElo "2202"]
[BlackElo "2188"]
[PlyCount "109"]
[EventDate "2019.01.25"]
[EventType "swiss"]
[EventRounds "5"]
[EventCountry "CAN"]

1. c4 Nf6 2. Nc3 g6 3. e4 e5 4. d3 c6 5. g3 d5 6. exd5 cxd5 7. Bg5 dxc4 8. dxc4
Qb6 9. Qb3 Nfd7 10. Qxb6 axb6 11. Nd5 Bd6 12. Be3 O-O 13. Bg2 Nc6 14. Ne2 Nb4
15. Nxb4 Bxb4+ 16. Bd2 Nc5 17. Bxb4 Nd3+ 18. Kd2 Nxb4 19. a3 Nc6 20. Kc3 Bg4
21. Rhe1 Rac8 22. a4 Rc7 23. b3 Rd8 24. h3 Bf5 25. Rad1 Rcd7 26. Rxd7 Rxd7 27.
Nc1 Re7 28. g4 Bc8 29. Nd3 f6 30. f4 Kf7 31. Bd5+ Kg7 32. Bxc6 bxc6 33. fxe5
fxe5 34. Rxe5 Kf6 35. g5+ Kf7 36. h4 Bf5 37. c5 bxc5 38. Rxe7+ Kxe7 39. Nxc5
Kd6 40. Kd4 Bg4 41. a5 Kc7 42. b4 Be2 43. Ke5 Bd1 44. Kf6 Be2 45. Kg7 Bd1 46.
Kxh7 Bh5 47. Kg7 Kb8 48. Kf6 Kc7 49. Ne6+ Kb7 50. Nf4 Bf3 51. Nxg6 Ka6 52. Ne5
Be4 53. g6 Kb5 54. g7 Bd5 55. Nf7 1-0